Intermediate Algebra
| Main Authors: | , |
|---|---|
| Format: | Section = Libro |
| Language: | Undetermined Spanish |
| Published: |
United States
Brooks Cole
2002
|
| Edition: | 2a.ed. |
| Subjects: |
| LEADER | 00610nam a2200241Ia 4500 | ||
|---|---|---|---|
| 008 | 240829s9999 xx 000 0 und d | ||
| 020 | |a 0-534-3764-0-1 | ||
| 040 | |a BIBLIOTECA-RUSB/ 512.9 T965 | ||
| 041 | |a spa | ||
| 082 | |a 512.9 T965 | ||
| 100 | 1 | |a Tussy, Allan S. | |
| 100 | 1 | |b Gustafson, R., David | |
| 245 | 1 | 0 | |a Intermediate Algebra |
| 250 | |a 2a.ed. | ||
| 260 | |a United States |b Brooks Cole |c 2002 | ||
| 300 | |a 744 p. :il. | ||
| 650 | 7 | |a ALGEBRA | |
| 650 | 7 | |b FUNCIONES | |
| 650 | 7 | |c DESIGUALDADES MATEMATICAS | |
| 650 | 7 | |d FUNCIONES EXPONENCIALES | |
| 942 | |c BK |2 ddc | ||
| 991 | |a TEXTO | ||
| 999 | |c 1523 | ||